<?xml version="1.0" encoding="UTF-8"?>
<record
    xmlns:xsi="http://www.w3.org/2001/XMLSchema-instance"
    xsi:schemaLocation="http://www.loc.gov/MARC21/slim http://www.loc.gov/standards/marcxml/schema/MARC21slim.xsd"
    xmlns="http://www.loc.gov/MARC21/slim">

  <leader>00901nam a2200229Ia 4500</leader>
  <datafield tag="999" ind1=" " ind2=" ">
    <subfield code="c">39917</subfield>
    <subfield code="d">39917</subfield>
  </datafield>
  <controlfield tag="003">GCL</controlfield>
  <controlfield tag="005">20240530103505.0</controlfield>
  <controlfield tag="008">140319s1966    ua            000 0 ara d</controlfield>
  <datafield tag="040" ind1=" " ind2=" ">
    <subfield code="a">GCL / </subfield>
    <subfield code="c">GCL</subfield>
  </datafield>
  <datafield tag="082" ind1="0" ind2="4">
    <subfield code="a">928.9171/</subfield>
    <subfield code="b">&#x62C; &#x623;</subfield>
  </datafield>
  <datafield tag="100" ind1="1" ind2=" ">
    <subfield code="a">&#x62C;&#x648;&#x631;&#x643;&#x649;&#x60C;&#x645;</subfield>
  </datafield>
  <datafield tag="245" ind1="1" ind2="0">
    <subfield code="a">&#x627;. &#x628;. &#x62A;&#x634;&#x64A;&#x643;&#x648;&#x641; / </subfield>
    <subfield code="c">&#x62A;&#x627;&#x644;&#x64A;&#x641; &#x645;. &#x62C;&#x648;&#x631;&#x643;&#x649;&#x60C; &#x623;. &#x62A;&#x634;&#x64A;&#x643;&#x648;&#x641;&#x627;&#x60C; &#x643;. &#x62A;&#x634;&#x643;&#x648;&#x641;&#x633;&#x643;&#x649; &#x61B; &#x62A;&#x631;&#x62C;&#x645;&#x629; &#x627;&#x62D;&#x645;&#x62F; &#x627;&#x644;&#x642;&#x635;&#x64A;&#x631; &#x61B; &#x631;&#x627;&#x62C;&#x639;&#x629; &#x639;&#x644;&#x649; &#x627;&#x62F;&#x647;&#x645; </subfield>
  </datafield>
  <datafield tag="260" ind1=" " ind2=" ">
    <subfield code="a">&#x627;&#x644;&#x642;&#x627;&#x647;&#x631;&#x629; : </subfield>
    <subfield code="b">&#x645;&#x624;&#x633;&#x633;&#x629; &#x633;&#x62C;&#x644; &#x627;&#x644;&#x639;&#x631;&#x628; &#x60C; </subfield>
    <subfield code="c">1966</subfield>
  </datafield>
  <datafield tag="300" ind1=" " ind2=" ">
    <subfield code="a">206 &#x635; &#x61B; </subfield>
    <subfield code="c">24 &#x633;&#x645;</subfield>
  </datafield>
  <datafield tag="490" ind1=" " ind2=" ">
    <subfield code="a">&#x627;&#x644;&#x627;&#x644;&#x641; &#x643;&#x62A;&#x627;&#x628;</subfield>
    <subfield code="v">636</subfield>
  </datafield>
  <datafield tag="650" ind1="0" ind2="7">
    <subfield code="2">qrmak</subfield>
    <subfield code="a">&#x627;&#x644;&#x627;&#x62F;&#x628;&#x627;&#x621; &#x627;&#x644;&#x631;&#x648;&#x633;&#x64A;&#x648;&#x646;</subfield>
    <subfield code="v">&#x62A;&#x631;&#x627;&#x62C;&#x645;</subfield>
  </datafield>
  <datafield tag="650" ind1="0" ind2="7">
    <subfield code="2">qrmak</subfield>
    <subfield code="a">&#x627;&#x644;&#x627;&#x62F;&#x628; &#x627;&#x644;&#x631;&#x648;&#x633;&#x649;</subfield>
    <subfield code="x"> &#x62A;&#x627;&#x631;&#x64A;&#x62E; &#x648;&#x646;&#x642;&#x62F;</subfield>
  </datafield>
  <datafield tag="700" ind1="0" ind2=" ">
    <subfield code="a">&#x627;&#x62D;&#x645;&#x62F; &#x627;&#x644;&#x642;&#x635;&#x64A;&#x631;</subfield>
    <subfield code="e">&#x645;&#x62A;&#x631;&#x62C;&#x645;</subfield>
  </datafield>
  <datafield tag="700" ind1="1" ind2=" ">
    <subfield code="a">&#x62A;&#x634;&#x64A;&#x643;&#x648;&#x641;&#x627;&#x60C; &#x623;</subfield>
    <subfield code="e">&#x645;&#x648;&#x644;&#x641; &#x645;&#x634;&#x627;&#x631;&#x643;</subfield>
  </datafield>
  <datafield tag="700" ind1="1" ind2=" ">
    <subfield code="a">&#x62A;&#x634;&#x643;&#x648;&#x641;&#x633;&#x643;&#x649;&#x60C;  &#x643;</subfield>
    <subfield code="e">&#x645;&#x648;&#x644;&#x641; &#x645;&#x634;&#x627;&#x631;&#x643;</subfield>
  </datafield>
  <datafield tag="942" ind1=" " ind2=" ">
    <subfield code="2">ddc</subfield>
    <subfield code="c">BK</subfield>
  </datafield>
  <datafield tag="952" ind1=" " ind2=" ">
    <subfield code="0">0</subfield>
    <subfield code="1">0</subfield>
    <subfield code="4">0</subfield>
    <subfield code="7">0</subfield>
    <subfield code="a">CAI</subfield>
    <subfield code="b">CAI</subfield>
    <subfield code="d">2014-03-26</subfield>
    <subfield code="l">0</subfield>
    <subfield code="o">928.9171/&#x62C; &#x623;</subfield>
    <subfield code="p">97226</subfield>
    <subfield code="r">2014-03-26 00:00:00</subfield>
    <subfield code="w">2014-03-26</subfield>
    <subfield code="y">BK</subfield>
  </datafield>
  <datafield tag="952" ind1=" " ind2=" ">
    <subfield code="0">0</subfield>
    <subfield code="1">0</subfield>
    <subfield code="4">0</subfield>
    <subfield code="7">0</subfield>
    <subfield code="a">CAI</subfield>
    <subfield code="b">CAI</subfield>
    <subfield code="d">2014-03-26</subfield>
    <subfield code="l">0</subfield>
    <subfield code="o">928.9171/&#x62C; &#x623;</subfield>
    <subfield code="p">97227</subfield>
    <subfield code="r">2014-03-26 00:00:00</subfield>
    <subfield code="w">2014-03-26</subfield>
    <subfield code="y">BK</subfield>
  </datafield>
  <datafield tag="952" ind1=" " ind2=" ">
    <subfield code="0">0</subfield>
    <subfield code="1">0</subfield>
    <subfield code="4">0</subfield>
    <subfield code="7">0</subfield>
    <subfield code="a">CAI</subfield>
    <subfield code="b">CAI</subfield>
    <subfield code="d">2014-03-26</subfield>
    <subfield code="l">0</subfield>
    <subfield code="o">928.9171/&#x62C; &#x623;</subfield>
    <subfield code="p">97228</subfield>
    <subfield code="r">2014-03-26 00:00:00</subfield>
    <subfield code="w">2014-03-26</subfield>
    <subfield code="y">BK</subfield>
  </datafield>
</record>
